<?xml version="1.0" encoding="UTF-8"?>
<collection xmlns="http://www.loc.gov/MARC21/slim">
  <record>
    <leader>00000nam  2200000   4500</leader>
    <controlfield tag="001">INLIS000000000019054</controlfield>
    <controlfield tag="005">20250203122807</controlfield>
    <datafield tag="035" ind1="#" ind2="#">
      <subfield code="a">0010-0225000011</subfield>
    </datafield>
    <controlfield tag="007">ta</controlfield>
    <controlfield tag="008">250203################g##########0#ind##</controlfield>
    <datafield tag="020" ind1="#" ind2="#">
      <subfield code="a">978-602-473-120-5</subfield>
    </datafield>
    <datafield tag="082" ind1="#" ind2="#">
      <subfield code="a">001.42</subfield>
    </datafield>
    <datafield tag="084" ind1="#" ind2="#">
      <subfield code="a">001.42 SAR d</subfield>
    </datafield>
    <datafield tag="100" ind1=" " ind2="#">
      <subfield code="a">Sarmanu</subfield>
    </datafield>
    <datafield tag="245" ind1="1" ind2="#">
      <subfield code="a">Dasar Metodologi Penelitian: Kuantitatif, Kualitatif &amp; Statistika /</subfield>
      <subfield code="c">Sarmanu</subfield>
    </datafield>
    <datafield tag="260" ind1="#" ind2="#">
      <subfield code="a">Surabaya :</subfield>
      <subfield code="b">Airlangga University Press,</subfield>
      <subfield code="c">2019</subfield>
    </datafield>
    <datafield tag="300" ind1="#" ind2="#">
      <subfield code=";"/>
      <subfield code="c">923.5 KB</subfield>
    </datafield>
    <datafield tag="650" ind1="#" ind2="4">
      <subfield code="a">Dasar Metodologi</subfield>
    </datafield>
    <datafield tag="520" ind1="#" ind2="#">
      <subfield code="a">Statistika yang sering digunakan dalam Penelitian Kuantitatif yaitu Statistika Univariat meliputi Statistika Parametrik, Nonparametrik dan Statistika Multivariat. Penulis juga membahas pengertian tentang kebenaran ilmiah dan non ilmiah dengan contoh. Penulis mencantumkan juga mengenai pengertian masalah, identifikasi masalah, memilih masalah, merumuskan masalah dan penyusunan judul penelitian, kajian teoritik dan kajian empirik. Dalam Metode Penelitian, pokok bahasan meliputi jenis dan rancangan penelitian, populasi, sampel dan sampling, klasifikasi dan definisi operasional variabel, metode pengumpulan data, validitas dan reliabilitas dan analisis data. Penulis juga membahas hasil penelitian dalam bentuk deskripsi dan hasil analisisnya. Selain itu bab ini juga membahas hasil penelitian yang diperoleh dikaitkan dengan teori dan hasil penelitian lain yang relevan. Pembahasan akhir dalam buku ini berisi kesimpulan yang sinkron dengan rumusan masalah, tujuan penelitian dan hipotesisnya.</subfield>
    </datafield>
    <datafield tag="856" ind1="#" ind2="#">
      <subfield code="a">https://web-ipustakalan.moco.co.id/book/a370cdcc-60af-42f5-b5ad-dd3a4d9c8529</subfield>
    </datafield>
    <datafield tag="990" ind1="#" ind2="#">
      <subfield code="a">2024/4/A/0112</subfield>
    </datafield>
    <datafield tag="990" ind1="#" ind2="#">
      <subfield code="a">2024/4/A/0113</subfield>
    </datafield>
  </record>
</collection>
